Federal tax manual.

Bibliographic Details
Previous Title:Federal tax compliance reporter
Federal tax compliance manual
Corporate Author: Commerce Clearing House
Format: Serial
Language:English
Published: Chicago, Ill. : Commerce Clearing House, [1986-]
Series:Topical law reports (Commerce Clearing House)
Subjects:

MARC

Tag First Indicator Second Indicator Subfields
LEADER 00000cas a2200000 a 4500
001 in00000409621
005 20151012050555.0
008 860107c19869999iluar w 0uuua0eng d
035 |a (OCoLC)12986721 
035 |9 ABT0277AM 
037 |b Commerce Clearing House, 4025 W. Peterson Ave., Chicago, Ill. 60646 
040 |a YZA  |c YZA  |d TXA  |d UtOrBLW 
049 |a TXAE [Latest] [ed:Ref] 
090 |a KF6365  |b .C6 
245 0 0 |a Federal tax manual. 
246 1 8 |a CCH federal tax manual 
264 1 |a Chicago, Ill. :  |b Commerce Clearing House,  |c [1986-] 
264 4 |c ©1986- 
300 |a volumes (loose-leaf) ;  |c 25 cm. 
310 |a Annual 
336 |a text  |b txt  |2 rdacontent 
337 |a unmediated  |b n  |2 rdamedia 
338 |a volume  |b nc  |2 rdacarrier 
362 0 |a 1986- 
490 1 |a Topical law reports 
650 0 |a Income tax  |x Law and legislation  |z United States  |v Periodicals. 
650 0 |a Tax returns  |z United States. 
710 2 |a Commerce Clearing House. 
780 0 4 |t Federal tax compliance reporter  |w (OCoLC)9118699 
780 0 4 |t Federal tax compliance manual 
830 0 |a Topical law reports (Commerce Clearing House) 
999 |a MARS 
999 f f |s 94b4a2e2-b021-3954-b445-4dc3b9ad07bb  |i 08a4289b-5ded-3b78-b659-672f9806e8bf  |t 0 
952 f f |p ric  |a Texas A&M University  |b Rellis Campus  |c Joint Library Facility  |d Remote Storage  |t 0  |e KF6365 .C6  |h Library of Congress classification  |i unmediated -- volume  |k 1986  |m A14809321701 
998 f f |a KF6365 .C6  |s 1986  |t 0  |l Remote Storage